Odas elementales

Uloženo v:
Podrobná bibliografie
Hlavní autor: Neruda, Pablo
Médium: Kniha
Jazyk:Undetermined
Vydáno: Buenos Aires, Argentina Losada 1977
Vydání:6
Témata:
Tagy: Přidat tag
Žádné tagy, Buďte první, kdo vytvoří štítek k tomuto záznamu!

MARC

LEADER 00000nam a2200000Ia 4500
008 170316s9999 xx 000 0 und d
040 |a cru BVZT 
090 |a 860 N-5o 
100 |a Neruda, Pablo 
245 |a Odas elementales 
250 |a 6 
260 |a Buenos Aires, Argentina 
260 |b Losada 
260 |c 1977 
300 |a 225 páginas 
650 |a LITERATURA LATINOAMERICANA 
999 |c 9010  |d 9010 
942 |c 15 D  |h 860 N-5o  |2 z